000 00544nam a2200205Ia 4500
005 20250923150008.0
008 008 250917s9999 xx 000 0 eng d
037 _aTextual
040 _aDSWL
_beng
_cDSWL
041 _aeng
_2eng
084 _aY150aWx4, N98
_qDSWL
245 0 _aAppropriating Gender
_c by P. Jeffery
260 _aNew York
_b Routledge
_c1998
300 _aix,276 p.
365 _aGBP
_b40
700 _a A. Basu
_9841110
925 _g40
942 _cTEXL
_hY150aWx4, N98
999 _c1458297
_d1458297